[Event "13th Costa del Sol it"]
[Site "Torremolinos ESP"]
[Date "1973.02.??"]
[Round "1"]
[White "Quinteros, Miguel Angel"]
[Black "Medina Garcia, Antonio Angel"]
[Result "1-0"]
[WhiteElo "2465"]
[BlackElo "2380"]
[EventDate "1973.02.10"]
[PlyCount "115"]

1.Nf3 Nf6 2.g3 d5 3.Bg2 e6 4.O-O Be7 5.c4 O-O 6.d4 Nbd7 7.Qc2 b6 8.cxd5 
Nxd5 9.e4 Nb4 10.Qc3 c5 11.a3 Nc6 12.dxc5 bxc5 13.e5 Ba6 14.Re1 Rb8 15.Qc2
Qb6 16.Qe4 Rfc8 17.Nbd2 Nd4 18.Nxd4 cxd4 19.Nf3 Nc5 20.Qg4 Nd3 21.Bh6 Bf8 
22.Re2 Nxb2 23.Re4 Nd3 24.Qg5 Qd8 25.Qg4 Qb6 26.Qg5 Qb1+ 27.Rxb1 Rxb1+ 28.
Bf1 Rxf1+ 29.Kxf1 Nc5+ 30.Re2 Ne4 31.Qg4 Nc3 32.Nxd4 Nxe2 33.Nxe2 Rc2 34.
Qa4 Bxe2+ 35.Kg2 Bd3 36.Be3 Rc3 37.Qe8 Be4+ 38.Kh3 Bf5+ 39.g4 Bg6 40.a4 h6
41.Qa8 h5 42.gxh5 Bxh5 43.Qxa7 Kh7 44.a5 Bc5 45.Qxc5 Rxc5 46.Bxc5 Be2 47.
Kg3 g5 48.f4 Kg6 49.fxg5 Kxg5 50.Be7+ Kf5 51.Bf6 Ke4 52.Kf2 Bd3 53.h4 Kf4 
54.h5 Ke4 55.a6 Kf5 56.a7 Be4 57.Ke3 Ba8 58.Kd4 1-0

[Event "13th Costa del Sol it"]
[Site "Torremolinos ESP"]
[Date "1973.02.10"]
[Round "1"]
[White "Torre, Eugenio"]
[Black "O'Kelly de Galway, Alberic"]
[Result "1-0"]
[WhiteElo "2400"]
[BlackElo "2450"]
[EventDate "1973.02.10"]
[PlyCount "43"]

1.e4 c5 2.Nf3 d6 3.Bb5+ Nd7 4.d4 Nf6 5.Nc3 cxd4 6.Qxd4 e5 7.Qd3 h6 8.Nd2 
$5 Be7 9.Nc4 O-O 10.Bxd7 $5 Qxd7 11.Ne3 Qc6 12.g4 $6 {Las blancas realizan
un ataque arriesgado} 12...Be6 $5 ( {La alternativa es} 12...Nxg4 $1 13.
Rg1 h5 14.h3 Nxe3 15.Qxe3 ) 13.Rg1 Nd7 $5 14.Nf5 Bxf5 $2 ( {Preferible era
} 14...Rfe8 $1 15.Be3 Nc5 ) 15.gxf5 Kh7 16.Qh3 $5 Rg8 17.Nd5 $5 Bf6 $5 18.
c3 Raf8 19.Qh5 $1 Rh8 $2 ( 19...Qa4 20.Rg4 $1 Qc2 21.Nb4 $1 Qa4 22.b3 {
gana para el blanco} ) 20.Be3 $1 Qa4 21.Kd2 $1 Rhg8 ( {El punto es} 21...
Qxe4 22.Nxf6+ Nxf6 23.Rxg7+ $1 Kxg7 24.Rg1+ Ng4 25.Rxg4+ Qxg4 26.Qxg4+ ) 
22.Rg6 $1 {Blancas: 2 horas y 14 minutos Negras 2 horas y 13 minutos} ( 
22.Rg6 fxg6 23.fxg6+ Kh8 24.Bxh6 $1 gxh6 25.Qxh6# {finaliza la partida} ) 
1-0

[Event "13th Costa del Sol it"]
[Site "Torremolinos ESP"]
[Date "1973.02.??"]
[Round "1"]
[White "Martz, William"]
[Black "Benko, Pal"]
[Result "0-1"]
[WhiteElo "2420"]
[BlackElo "2515"]
[EventDate "1973.02.10"]
[PlyCount "114"]

1.c4 e5 2.Nc3 Nc6 3.e3 Nf6 4.Nf3 Bb4 5.Qc2 O-O 6.d3 Re8 7.Bd2 d6 8.Be2 Bf5
9.O-O e4 10.Nd4 Nxd4 11.exd4 Bxc3 12.Bxc3 d5 13.b3 Qd7 14.dxe4 Nxe4 15.Bd3
Nd6 16.Bb4 Bxd3 17.Qxd3 Nf5 18.Rad1 Re4 19.Bc3 Rae8 20.c5 c6 21.Rfe1 Rxe1+
22.Rxe1 Rxe1+ 23.Bxe1 Qe6 24.Bc3 Qe4 25.Qxe4 dxe4 26.g4 Ne7 27.f3 Nd5 28.
Bd2 exf3 29.Kf2 Kf8 30.Kxf3 Ke7 31.Ke4 Ke6 32.Be1 Nf6+ 33.Kf4 Kd5 34.Bc3 
Nd7 35.Bb2 f6 36.g5 fxg5+ 37.Kxg5 Nf8 38.Kf5 Ne6 39.h4 Nxd4+ 40.Bxd4 Kxd4 
41.Ke6 g6 42.Kf6 Ke4 43.Kg7 Kf4 44.Kh6 Kg4 45.Kxh7 g5 46.hxg5 Kxg5 47.Kg7 
Kf5 48.Kf7 Ke5 49.Ke7 Kd5 50.Kd7 Kxc5 51.Kc7 b5 52.Kb7 a5 53.a3 b4 54.a4 
Kd4 55.Kxc6 Kc3 56.Kb5 Kxb3 57.Kxa5 Ka3 0-1

[Event "13th Costa del Sol it"]
[Site "Torremolinos ESP"]
[Date "1973.02.10"]
[Round "1"]
[White "Rossolimo, Nicolas"]
[Black "Gheorghiu, Florin"]
[Result "0-1"]
[WhiteElo "2450"]
[BlackElo "2520"]
[EventDate "1973.02.10"]
[PlyCount "60"]

1.e4 c5 2.Nf3 d6 3.Bb5+ Bd7 4.Qe2 Nc6 5.c3 g6 6.d4 cxd4 7.cxd4 Bg7 8.Be3 
a6 9.Ba4 Nf6 10.Nc3 b5 11.Bb3 Ng4 12.h4 Nxe3 13.fxe3 Na5 14.h5 Nxb3 15.
axb3 e6 16.Qf2 b4 17.Na2 a5 18.O-O O-O 19.Qg3 Bb5 20.Rf2 Bh6 21.Re1 Rc8 
22.e5 dxe5 23.hxg6 hxg6 24.Nxe5 Qg5 25.Qf3 Bg7 26.Ng4 Bc6 27.Qd1 Bd5 28.
Ref1 f5 29.Nh2 Qxe3 30.Re1 Qxd4 {Blancas: 1 hora y 55 minutos Negras: 1 
hora y 50 minutos} 0-1

[Event "13th Costa del Sol it"]
[Site "Torremolinos ESP"]
[Date "1973.02.??"]
[Round "2"]
[White "O'Kelly de Galway, Alberic"]
[Black "Quinteros, Miguel Angel"]
[Result "1/2-1/2"]
[WhiteElo "2450"]
[BlackElo "2465"]
[EventDate "1973.02.10"]
[PlyCount "56"]

1.c4 g6 2.e4 e5 3.Nf3 Nc6 4.Nc3 Bg7 5.d3 d6 6.h3 f5 7.g3 Nge7 8.Bg2 O-O 9.
Nd5 h6 10.Nh4 fxe4 11.Nxe7+ Nxe7 12.dxe4 g5 13.Nf3 Be6 14.b3 Qd7 15.Be3 b6
16.Rc1 a5 17.a4 Rf7 18.Ng1 Raf8 19.Ne2 Nc6 20.g4 Bf6 21.Ng3 Ne7 22.Nf5 Rh7
23.h4 Bxf5 24.exf5 gxh4 25.Qd2 Kg7 26.Be4 Ng8 27.c5 bxc5 28.Rxc5 Rb8 
1/2-1/2

[Event "13th Costa del Sol it"]
[Site "Torremolinos ESP"]
[Date "1973.02.11"]
[Round "2"]
[White "Filip, Miroslav"]
[Black "Martz, William"]
[Result "1/2-1/2"]
[WhiteElo "2510"]
[BlackElo "2420"]
[EventDate "1973.02.10"]
[PlyCount "54"]

1.d4 Nf6 2.c4 e6 3.Nf3 b6 4.e3 Bb7 5.Bd3 c5 6.O-O Be7 7.Nc3 cxd4 8.exd4 d5
9.Bg5 O-O 10.Qe2 Nc6 11.cxd5 exd5 12.Rfe1 Re8 13.Qd2 Nb4 14.Bb5 Rf8 15.a3 
Nc6 16.Qe2 Ne4 17.Bxc6 Bxc6 18.Bxe7 Qxe7 19.Rac1 Rac8 20.Rc2 Qd6 21.Qa6 
Qb8 22.Rec1 Bb7 23.Qd3 f6 24.g3 Nxc3 25.Rxc3 Rxc3 26.Rxc3 Rc8 27.Kg2 Qd6 
1/2-1/2

[Event "13th Costa del Sol it"]
[Site "Torremolinos ESP"]
[Date "1973.02.??"]
[Round "2"]
[White "Pomar Salamanca, Arturo"]
[Black "Torre, Eugenio"]
[Result "1-0"]
[WhiteElo "2460"]
[BlackElo "2400"]
[EventDate "1973.02.10"]
[PlyCount "82"]

1.Nf3 Nf6 2.d4 g6 3.g3 Bg7 4.Bg2 O-O 5.O-O d6 6.b3 c6 7.Bb2 Qa5 8.Nbd2 Qh5
9.e4 Bg4 10.Re1 Nfd7 11.Qe2 c5 12.c3 cxd4 13.cxd4 Nc6 14.Qf1 Rac8 15.a3 
Nc5 16.Re3 Ne6 17.e5 dxe5 18.h3 Bxf3 19.Bxf3 exd4 20.Bxh5 dxe3 21.Bxg7 
Nxg7 22.Bg4 f5 23.fxe3 fxg4 24.Qc4+ Kh8 25.hxg4 Rcd8 26.Rf1 Rxf1+ 27.Nxf1 
Ne8 28.g5 Nd6 29.Qc3+ Kg8 30.Nh2 Nf5 31.Ng4 e5 32.Nxe5 Nxe5 33.Qxe5 Rf8 
34.Kg2 a6 35.g4 Ng7 36.e4 Ne8 37.Qe6+ Kg7 38.Qe7+ Kg8 39.Qxb7 Nd6 40.Qd5+ 
Nf7 41.e5 Rd8 1-0

[Event "13th Costa del Sol it"]
[Site "Torremolinos ESP"]
[Date "1973.02.??"]
[Round "3"]
[White "Bellon Lopez, Juan Manuel"]
[Black "Parma, Bruno"]
[Result "1/2-1/2"]
[WhiteElo "2385"]
[BlackElo "2510"]
[EventDate "1973.02.10"]
[PlyCount "45"]

1.b3 Nf6 2.Bb2 g6 3.e4 d6 4.g3 Bg7 5.Bg2 c5 6.Ne2 Nc6 7.d4 cxd4 8.Nxd4 
Qa5+ 9.Bc3 Qc7 10.O-O Bd7 11.Re1 O-O 12.Nxc6 Bxc6 13.e5 dxe5 14.Bxe5 Qc8 
15.c4 Rd8 16.Qe2 Bh6 17.Bxc6 Qxc6 18.Bc3 Rd6 19.Nd2 Re6 20.Qd3 Rd6 21.Qe2 
Re6 22.Qd3 Rd6 23.Qe2 {Blancas: 1 hora y 20 minutos Negras 1 hora y 40 
minutos} 1/2-1/2

[Event "13th Costa del Sol it"]
[Site "Torremolinos ESP"]
[Date "1973.02.??"]
[Round "3"]
[White "Medina Garcia, Antonio Angel"]
[Black "O'Kelly de Galway, Alberic"]
[Result "1-0"]
[WhiteElo "2380"]
[BlackElo "2450"]
[EventDate "1973.02.10"]
[PlyCount "93"]

1.e4 c5 2.Nc3 Nc6 3.g3 g6 4.Bg2 Bg7 5.d3 d6 6.Nh3 Nf6 7.O-O h5 8.f3 Bxh3 
9.Bxh3 e6 10.Be3 Nd4 11.Ne2 Nxe2+ 12.Qxe2 Nd7 13.c3 O-O 14.f4 Qe7 15.Rae1 
Rfe8 16.Bg2 Rac8 17.Qf2 b6 18.h3 Bf6 19.Bf3 h4 20.g4 e5 21.Bd1 exf4 22.
Bxf4 Rf8 23.Bb3 Bg5 24.Bd5 Kg7 25.Re3 Bxf4 26.Qxf4 f6 27.Qf2 g5 28.d4 b5 
29.Rf3 Nb6 30.Bb3 Nd7 31.Rf5 Rce8 32.Bd5 Rc8 33.Qe2 b4 34.Qe3 a5 35.Bb3 
Kh6 36.Qf3 Kg7 37.Qe3 Kh6 38.Qf3 Kg7 39.Ba4 Nb6 40.Bd1 Nc4 41.Qe2 cxd4 42.
cxd4 Qa7 43.Qf2 Qe7 44.Bb3 d5 45.Rxd5 Qxe4 46.Bxc4 Rxc4 47.Rxg5+ 1-0

[Event "13th Costa del Sol it"]
[Site "Torremolinos ESP"]
[Date "1973.02.??"]
[Round "3"]
[White "Quinteros, Miguel Angel"]
[Black "Pomar Salamanca, Arturo"]
[Result "1-0"]
[WhiteElo "2465"]
[BlackElo "2460"]
[EventDate "1973.02.10"]
[PlyCount "71"]

1.Nf3 d5 2.g3 Nf6 3.Bg2 c5 4.O-O Nc6 5.d3 e5 6.c4 Be7 7.Nc3 d4 8.Na4 O-O 
9.e4 $5 {Las blancas tienen una posicion pasiva} 9...Nd7 10.Nd2 Nb6 $6 {
Cambia el caballo que estaba mal situado} 11.Nxb6 Qxb6 12.f4 f5 $6 ( {Era 
preferible} 12...exf4 13.gxf4 f6 ) 13.Qe2 Qc7 $6 ( 13...exf4 14.gxf4 fxe4 
15.Bxe4 Bf5 {Bloqueando el peon} ) 14.exf5 Bxf5 15.g4 Bd7 16.f5 g6 17.fxg6
hxg6 18.Qe4 Rxf1+ 19.Bxf1 Qd6 20.Nf3 Rf8 21.Bg2 Qe6 22.h3 Nb4 $2 {
Regalando un peon} 23.Nxe5 Kg7 $2 24.Nxg6 $1 Qxg6 25.Qxe7+ Qf7 26.Qg5+ Qg6
27.Qxg6+ Kxg6 28.Bd2 Nc2 29.Be4+ Kg7 30.Rc1 Ne3 31.Bxe3 dxe3 32.Rc2 Bc6 
33.Bxc6 bxc6 34.Re2 Re8 35.Kg2 Kg6 36.h4 {Ambos jugadores han jugado una 
partida pobre. Blancas: 1 hora y 36 minutos Negras: 2 horas y 24 minutos} 
1-0

[Event "13th Costa del Sol it"]
[Site "Torremolinos ESP"]
[Date "1973.02.??"]
[Round "3"]
[White "Rossolimo, Nicolas"]
[Black "Filip, Miroslav"]
[Result "1/2-1/2"]
[WhiteElo "2450"]
[BlackElo "2510"]
[EventDate "1973.02.10"]
[PlyCount "31"]

1.e4 c6 2.d4 d5 3.exd5 cxd5 4.Bd3 Nc6 5.c3 Nf6 6.Bf4 Bg4 7.Qb3 Qc8 8.Nd2 
e6 9.Ngf3 Be7 10.Ne5 Bh5 11.O-O Bg6 12.Nxg6 hxg6 13.Nf3 Nh5 14.Be3 Bd6 15.
c4 dxc4 16.Qxc4 {Blancas: 52 minutos Negras: 38 minutos} 1/2-1/2

[Event "13th Costa del Sol it"]
[Site "Torremolinos ESP"]
[Date "1973.02.??"]
[Round "3"]
[White "Torre, Eugenio"]
[Black "Gheorghiu, Florin"]
[Result "1/2-1/2"]
[WhiteElo "2400"]
[BlackElo "2520"]
[EventDate "1973.02.10"]
[PlyCount "64"]

1.e4 c5 2.Nf3 d6 3.Bb5+ Bd7 4.Bxd7+ Qxd7 5.c4 e5 6.d3 Nc6 7.Nc3 g6 8.a3 
Bg7 9.Rb1 Nge7 10.b4 b6 11.Bg5 f6 12.Bd2 Nd4 13.Nxd4 cxd4 14.Nd5 O-O 15.
O-O f5 16.Qb3 fxe4 17.dxe4 Nxd5 18.cxd5 Qb5 19.Rfe1 Rac8 20.a4 Qc4 21.Qxc4
Rxc4 22.Rbc1 Rfc8 23.Rxc4 Rxc4 24.Rc1 Rxc1+ 25.Bxc1 a6 26.b5 axb5 27.axb5 
Kf7 28.Kf1 Bf6 29.Ke2 g5 30.g3 g4 31.Bd2 h5 32.f4 Ke8 {Blancas: 2 horas y 
1 minuto Negras: 1 hora y 54 minutos} 1/2-1/2

[Event "13th Costa del Sol it"]
[Site "Torremolinos ESP"]
[Date "1973.02.??"]
[Round "3"]
[White "Matanovic, Aleksandar"]
[Black "Benko, Pal"]
[Result "1/2-1/2"]
[WhiteElo "2515"]
[BlackElo "2515"]
[EventDate "1973.02.10"]
[PlyCount "39"]

1.e4 c5 2.Nf3 Nc6 3.d4 cxd4 4.Nxd4 Nf6 5.Nc3 e6 6.Ndb5 Bb4 7.a3 Bxc3+ 8.
Nxc3 d5 9.exd5 exd5 10.Bd3 O-O 11.O-O Bg4 12.f3 Be6 13.Bg5 Qb6+ 14.Kh1 Nd7
15.b4 Nde5 16.Be2 f6 17.Bh4 Rad8 18.Na4 Qc7 19.Nc5 Bf7 20.Bg3 {Blancas: 1 
hora y 19 minutos Nergas: 1 hora y 22 minutos} 1/2-1/2

[Event "13th Costa del Sol it"]
[Site "Torremolinos ESP"]
[Date "1973.02.??"]
[Round "4"]
[White "Bellon Lopez, Juan Manuel"]
[Black "Martz, William"]
[Result "1/2-1/2"]
[WhiteElo "2385"]
[BlackElo "2420"]
[EventDate "1973.02.10"]
[PlyCount "98"]

1.b3 Nf6 2.Bb2 b6 3.f4 Bb7 4.e3 g6 5.Nf3 Bg7 6.Be2 c5 7.O-O O-O 8.Qe1 e6 
9.Qh4 Nh5 10.Bxg7 Qxh4 11.Nxh4 Nxg7 12.Nc3 Nc6 13.Bf3 d5 14.g4 Ne7 15.a4 
a5 16.Bg2 Rfd8 17.Rf2 Rac8 18.Ne2 Ba6 19.Ng3 f5 20.g5 Nc6 21.Nf3 Ne8 22.d3
Nd6 23.Re1 Nf7 24.h4 e5 25.fxe5 Nfxe5 26.Nxe5 Nxe5 27.Nxf5 gxf5 28.Rxf5 
Ng6 29.Bxd5+ Kh8 30.Be4 Rf8 31.Ref1 Rxf5 32.Rxf5 Rf8 33.Rxf8+ Nxf8 34.Kf2 
Kg7 35.Kg3 b5 36.axb5 Bxb5 37.h5 h6 38.gxh6+ Kxh6 39.Kf4 Kxh5 40.Ke5 a4 
41.bxa4 Bxa4 42.c4 Kg4 43.Kd6 Kg3 44.Bf5 Kf3 45.Kxc5 Kxe3 46.Kd5 Bd7 47.
Be4 Be6+ 48.Kd6 Bxc4 49.dxc4 Kxe4 1/2-1/2

[Event "13th Costa del Sol it"]
[Site "Torremolinos ESP"]
[Date "1973.02.??"]
[Round "4"]
[White "Pomar Salamanca, Arturo"]
[Black "Medina Garcia, Antonio Angel"]
[Result "1/2-1/2"]
[WhiteElo "2460"]
[BlackElo "2380"]
[EventDate "1973.02.10"]
[PlyCount "80"]

1.d4 Nf6 2.c4 e6 3.Nc3 d5 4.Bg5 Be7 5.e3 h6 6.Bh4 O-O 7.Rc1 Nbd7 8.Nf3 a6 
9.cxd5 exd5 10.Bd3 c6 11.O-O Re8 12.Qc2 Ne4 13.Bxe7 Qxe7 14.Bxe4 dxe4 15.
Nd2 Nf6 16.h3 Bd7 17.Nc4 Rad8 18.Rfd1 Bc8 19.a3 Nd5 20.Nxd5 Rxd5 21.Nb6 
Rg5 22.Nxc8 Rxc8 23.d5 Rg6 24.Rd4 Re8 25.Rcd1 Qg5 26.g3 cxd5 27.Rxd5 Qh4 
28.Kh2 Qf6 29.Rd7 Qf3 30.R1d2 Rc6 31.Qd1 Qxd1 32.Rxd1 Rc2 33.R1d2 Rec8 34.
g4 g5 35.Kg3 Rxd2 36.Rxd2 Rc6 37.Rd4 Re6 38.a4 a5 39.h4 gxh4+ 40.Kxh4 Rb6 
1/2-1/2

[Event "13th Costa del Sol it"]
[Site "Torremolinos ESP"]
[Date "1973.02.??"]
[Round "4"]
[White "Gheorghiu, Florin"]
[Black "Quinteros, Miguel Angel"]
[Result "1/2-1/2"]
[WhiteElo "2520"]
[BlackElo "2465"]
[EventDate "1973.02.10"]
[PlyCount "128"]

1.c4 e5 2.Nc3 d6 3.d4 Nc6 4.Nf3 Bg4 5.d5 Nce7 6.e4 c5 7.dxc6 Nxc6 8.Be2 
Bxf3 9.Bxf3 Nf6 10.Be3 Be7 11.O-O O-O 12.Nd5 Nxd5 13.cxd5 Nd4 14.Bxd4 exd4
15.Qxd4 Bf6 16.Qd2 Qb6 17.Rac1 Qxb2 18.Qxb2 Bxb2 19.Rb1 Bd4 20.Rxb7 Rab8 
21.Rfb1 Rxb7 22.Rxb7 Rc8 23.g3 Rc1+ 24.Kg2 Kf8 25.Rb4 Bc5 26.Rb2 Bd4 27.
Rd2 Bc3 28.Rd3 Bb4 29.Bd1 Rc3 30.Rd4 Bc5 31.Rd2 Rc4 32.Re2 Rd4 33.Bb3 a5 
34.a4 Rb4 35.Bc2 Rd4 36.h4 Bb4 37.f4 Rd2 38.Rxd2 Bxd2 39.e5 dxe5 40.fxe5 
Bc3 41.Bxh7 Bxe5 42.Bc2 Ke7 43.Kf3 Bc3 44.g4 Be1 45.h5 Kd6 46.Ke4 Bc3 47.
Kd3 Bf6 48.Kc4 Bd8 49.Bh7 Bb6 50.Bg8 f6 51.Be6 Bf2 52.Bg8 Bb6 53.Bf7 Bf2 
54.Kb5 Be1 55.Kb6 Bd2 56.Kb7 Bc3 57.Bg8 Bd4 58.Ka6 Bc3 59.Kb5 Bb4 60.Kc4 
Bc5 61.Kb5 Bb4 62.Be6 Be1 63.Bg8 Bb4 64.Kc4 Bc5 1/2-1/2

[Event "13th Costa del Sol it"]
[Site "Torremolinos ESP"]
[Date "1973.02.??"]
[Round "5"]
[White "Martz, William"]
[Black "Parma, Bruno"]
[Result "1/2-1/2"]
[WhiteElo "2420"]
[BlackElo "2510"]
[EventDate "1973.02.10"]
[PlyCount "34"]

1.c4 c5 2.Nf3 Nc6 3.Nc3 Nf6 4.d4 cxd4 5.Nxd4 e6 6.Ndb5 Bb4 7.a3 Bxc3+ 8.
Nxc3 d5 9.e3 O-O 10.cxd5 exd5 11.Be2 Bf5 12.O-O d4 13.exd4 Nxd4 14.Be3 
Nxe2+ 15.Nxe2 Ng4 16.Qxd8 Rfxd8 17.Bf4 Rd7 1/2-1/2

[Event "13th Costa del Sol it"]
[Site "Torremolinos ESP"]
[Date "1973.02.??"]
[Round "5"]
[White "Medina Garcia, Antonio Angel"]
[Black "Gheorghiu, Florin"]
[Result "0-1"]
[WhiteElo "2380"]
[BlackElo "2520"]
[EventDate "1973.02.10"]
[PlyCount "50"]

1.e4 c5 2.Nf3 d6 3.d4 cxd4 4.Nxd4 Nf6 5.Nc3 a6 6.Bc4 e6 7.a3 Be7 8.Ba2 Nc6
9.O-O O-O 10.Be3 Nxd4 11.Bxd4 b5 12.Qf3 $5 ( {El avance mas usual es} 12.
f4 ) 12...Bb7 13.Rad1 Qc7 14.Rfe1 Bc6 15.g4 $5 a5 $5 ( {Era preferible} 
15...Nd7 ) 16.g5 Nd7 17.Qh5 Rfe8 18.Rd3 $1 Nf8 19.Rh3 b4 $1 20.g6 $6 fxg6 
$1 21.Bxe6+ Kh8 22.Qh6 $2 ( 22.Nd5 $1 Bxd5 23.Qxd5 $1 Nxe6 24.Qxe6 Bf6 25.
Qd5 {Defiende adecuadamente} ) 22...Bf6 $1 23.Bxf6 Rxe6 24.Bd4 bxc3 25.
Rxc3 d5 {Las negras han ganado un caballo} 0-1

[Event "13th Costa del Sol it"]
[Site "Torremolinos ESP"]
[Date "1973.02.??"]
[Round "5"]
[White "Torre, Eugenio"]
[Black "Filip, Miroslav"]
[Result "0-1"]
[WhiteElo "2400"]
[BlackElo "2510"]
[EventDate "1973.02.10"]
[PlyCount "68"]

1.e4 c6 2.d4 d5 3.exd5 cxd5 4.c4 Nf6 5.Nc3 Nc6 6.Bg5 e6 7.Nf3 Be7 8.c5 Ne4
9.Bxe7 Qxe7 10.Bb5 O-O 11.O-O Nxc3 12.bxc3 Bd7 13.Re1 b6 14.Bxc6 Bxc6 15.
Ne5 Rfc8 16.cxb6 axb6 17.Re3 Be8 18.Qg4 Ra3 19.Rc1 Rxa2 20.h4 Qa3 21.Rb1 
Rxc3 22.Rxc3 Qxc3 23.h5 Ra1 24.Rxa1 Qxa1+ 25.Kh2 Qc1 26.f4 h6 27.Nf3 Qc7 
28.Kg1 b5 29.f5 exf5 30.Qxf5 Qd7 31.Qb1 f6 32.Nd2 Bxh5 33.Nf1 Qg4 34.Qb4 
Qd1 0-1

[Event "13th Costa del Sol it"]
[Site "Torremolinos ESP"]
[Date "1973.02.??"]
[Round "6"]
[White "Parma, Bruno"]
[Black "Pomar Salamanca, Arturo"]
[Result "1/2-1/2"]
[WhiteElo "2510"]
[BlackElo "2460"]
[EventDate "1973.02.10"]
[PlyCount "59"]

1.e4 c6 2.d4 d5 3.Nd2 dxe4 4.Nxe4 Bf5 5.Ng3 Bg6 6.h4 h6 7.Nf3 Nd7 8.Bd3 
Bxd3 9.Qxd3 Qc7 10.Bd2 e6 11.O-O-O Ngf6 12.Kb1 Bd6 13.Ne4 Nxe4 14.Qxe4 
O-O-O 15.c4 c5 16.Bc3 Rhe8 17.d5 exd5 18.Qxd5 Ne5 19.Rhe1 f6 20.Qe4 Nxf3 
21.Qxf3 Kb8 22.Rxe8 Rxe8 23.Qd5 Rd8 24.Qe6 Bg3 25.Rd2 Rxd2 26.Bxd2 Be5 27.
Be3 a6 28.Qg8+ Ka7 29.Qd5 b6 30.h5 {Blancas: 1 hora y 55 minutos Negras: 2
horas y 1 minuto} 1/2-1/2

[Event "13th Costa del Sol it"]
[Site "Torremolinos ESP"]
[Date "1973.02.??"]
[Round "6"]
[White "Martz, William"]
[Black "Rossolimo, Nicolas"]
[Result "1/2-1/2"]
[WhiteElo "2420"]
[BlackElo "2450"]
[EventDate "1973.02.10"]
[PlyCount "83"]

1.c4 e6 2.Nc3 f5 3.g3 Nf6 4.Bg2 Nc6 5.d3 g6 6.e4 Bg7 7.Nge2 d6 8.O-O O-O 
9.exf5 gxf5 10.d4 Ne7 11.Re1 Ng6 12.Nf4 Re8 13.Nxg6 hxg6 14.Bg5 c6 15.Qd2 
Bd7 16.b4 d5 17.c5 Qe7 18.f4 Qf7 19.Bxf6 Qxf6 20.Ne2 Kf7 21.h4 Rh8 22.Kf2 
Qd8 23.Ng1 a5 24.Nf3 Bf6 25.a4 axb4 26.Qxb4 Qc7 27.Re3 Ra7 28.a5 Rha8 29.
Rea3 Bc8 30.Qe1 Kg7 31.Bf1 Bd8 32.Ng5 Rxa5 33.Rxa5 Rxa5 34.Bd3 Rxa1 35.
Qxa1 Qa5 36.Qxa5 Bxa5 37.Nf3 Bd7 38.Bc2 b6 39.cxb6 Bxb6 40.Ba4 Kf8 41.Ke3 
Bc7 42.Ne5 1/2-1/2

[Event "13th Costa del Sol it"]
[Site "Torremolinos ESP"]
[Date "1973.02.??"]
[Round "6"]
[White "Gheorghiu, Florin"]
[Black "O'Kelly de Galway, Alberic"]
[Result "1/2-1/2"]
[WhiteElo "2520"]
[BlackElo "2450"]
[EventDate "1973.02.10"]
[PlyCount "42"]

1.Nf3 c5 2.c4 Nc6 3.d4 cxd4 4.Nxd4 Nf6 5.Nc3 e6 6.Ndb5 d5 7.Bf4 Bb4 $2 ( 
7...e5 $1 {Preparando la siguiente jugada tactica} ) 8.Nc7+ Kf8 $5 ( {La 
alternativa era} 8...Ke7 9.Nxa8 d4 10.a3 {(Szabo - Langeweg, Tel Aviv 
1964).} ) 9.Nxa8 Ne4 10.Rc1 $5 d4 ( {O} 10...Qf6 11.e3 d4 12.a3 {
(Matanovic).} ) 11.a3 Ba5 12.f3 $2 ( 12.Bc7 $1 Bxc7 13.Nxe4 {gana para el 
blanco} ) 12...e5 $1 13.fxe4 exf4 14.b4 Qh4+ 15.Kd2 dxc3+ 16.Kc2 ( 16.Kxc3
$5 Qf6+ 17.Kb3 Bd8 {Tambien conduce a la igualdad} ) 16...Qe7 $1 17.bxa5 
Qxa3 18.Rb1 Ke7 $1 19.Nc7 Qa2+ 20.Kc1 Qa3+ 21.Kc2 Qa2+ {La batalla termina
con jaque perpetuo. O'Kelly demostro ser un gran luchador en el torneo 
Costa del Sol por ultima vez. Blancas: 2 horas y 3 minutos Negras: 2 horas
} 1/2-1/2

[Event "13th Costa del Sol it"]
[Site "Torremolinos ESP"]
[Date "1973.02.??"]
[Round "6"]
[White "Bellon Lopez, Juan Manuel"]
[Black "Matanovic, Aleksandar"]
[Result "1/2-1/2"]
[WhiteElo "2385"]
[BlackElo "2515"]
[EventDate "1973.02.10"]
[PlyCount "43"]

1.b3 Nf6 2.Bb2 g6 3.g3 Bg7 4.Bg2 O-O 5.e4 d6 6.Ne2 c5 7.d4 cxd4 8.Nxd4 
Qa5+ 9.Qd2 Qxd2+ 10.Nxd2 Nfd7 11.O-O-O Nc6 12.N2f3 Rb8 13.Rhe1 Nc5 14.Ba3 
Nxd4 15.Nxd4 Ne6 16.Nf3 f6 17.Nh4 Bh6+ 18.Kb1 Bg5 19.Nf3 Bh6 20.Nh4 Bg5 
21.Nf3 Bh6 22.Nh4 {Blancas: 57 minutos. Negras: 1 hora y 22 minutos} 
1/2-1/2

[Event "13th Costa del Sol it"]
[Site "Torremolinos ESP"]
[Date "1973.02.??"]
[Round "6"]
[White "Benko, Pal"]
[Black "Medina Garcia, Antonio Angel"]
[Result "1/2-1/2"]
[WhiteElo "2515"]
[BlackElo "2380"]
[EventDate "1973.02.10"]
[PlyCount "40"]

1.g3 d5 2.Nf3 Nf6 3.Bg2 c5 4.O-O Nc6 5.d4 e6 6.c4 Be7 7.cxd5 exd5 8.Nc3 
O-O 9.dxc5 Bxc5 10.Na4 Be7 11.Be3 Bg4 12.Rc1 Qd7 13.Re1 Bh3 14.Bh1 Rfe8 
15.Nc5 Bxc5 16.Bxc5 Rac8 17.Nd4 b6 18.Nxc6 bxc5 19.Na5 Qb5 20.Qd2 Ne4 {
Blancas: 1 hora y 42 minutos Negras: 1 hora y 16 minutos} 1/2-1/2

[Event "13th Costa del Sol it"]
[Site "Torremolinos ESP"]
[Date "1973.02.??"]
[Round "6"]
[White "Filip, Miroslav"]
[Black "Quinteros, Miguel Angel"]
[Result "1/2-1/2"]
[WhiteElo "2510"]
[BlackElo "2465"]
[EventDate "1973.02.10"]
[PlyCount "22"]

1.Nf3 d6 2.d4 g6 3.e4 Bg7 4.Bc4 Nf6 5.Qe2 c6 6.Bb3 e5 7.c3 Qc7 8.O-O O-O 
9.Bg5 Re8 10.dxe5 dxe5 11.Nbd2 h6 {Blancas: 37 minutos Negras: 52 minutos}
1/2-1/2

[Event "13th Costa del Sol it"]
[Site "Torremolinos ESP"]
[Date "1973.02.??"]
[Round "7"]
[White "Pomar Salamanca, Arturo"]
[Black "Gheorghiu, Florin"]
[Result "1-0"]
[WhiteElo "2460"]
[BlackElo "2520"]
[EventDate "1973.02.10"]
[PlyCount "51"]

1.d4 Nf6 2.Nf3 c5 3.c4 cxd4 4.Nxd4 b6 5.Nc3 Bb7 6.f3 a6 $5 ( {Lo usual en 
aquella epoca era} 6...d6 ) 7.e4 d6 8.Be2 e6 9.Be3 Nbd7 10.a4 d5 $6 ( {Una
buena novedad} 10...Be7 $1 ) 11.exd5 exd5 12.O-O $5 ( {Era preferible} 12.
cxd5 $1 Bb4 13.Nc6 ) 12...dxc4 13.Bxc4 Ne5 14.Re1 $1 Qc7 ( {El punto es} 
14...Nxc4 15.Bh6+ Be7 16.Bxg7 Nxb2 17.Qd2 Nc4 18.Qf2 ) 15.Rc1 $5 ( {Mas 
impresionante era} 15.Bb5+ $1 axb5 16.Ndxb5 ) 15...Qxc4 16.Ncb5 $5 ( 16.
Bf4 $1 O-O-O 17.Ne4 {Gana de inmediato} ) 16...Qd3 $5 ( {La alternativa 
era} 16...axb5 17.Rxc4 bxc4 ) 17.Nc7+ Kd8 18.Nxa8 $2 ( 18.Nf5 $1 Nd5 19.
Nxd5 Qxd5 20.Bxb6+ Ke8 21.Qxd5 Bxd5 22.Rxe5+ Be6 23.Re2 {Gana para el 
blanco} ) 18...Bxa8 $1 19.Nf5 Nfd7 20.f4 Qxf5 $2 ( 20...Qxd1 $1 21.Rexd1 
Nc6 22.Bxb6+ Kc8 $1 {Juega por el empate (Lopez Manzano y Segora.Vila).} )
21.Bxb6+ Ke7 22.Rc7 Be4 23.Rxe4 $1 Qxe4 24.fxe5 Ke6 25.Qxd7+ Kxe5 26.Qe8+ 
{Pomar Salamanca cierra con un mate esta interesante partida} 1-0

[Event "13th Costa del Sol it"]
[Site "Torremolinos ESP"]
[Date "1973.02.??"]
[Round "7"]
[White "Matanovic, Aleksandar"]
[Black "Martz, William"]
[Result "1/2-1/2"]
[WhiteElo "2515"]
[BlackElo "2420"]
[EventDate "1973.02.10"]
[PlyCount "70"]

1.e4 Nf6 2.e5 Nd5 3.d4 d6 4.Nf3 g6 5.Bc4 Nb6 6.Bb3 Bg7 7.Ng5 d5 8.f4 Nc6 
9.c3 f6 10.Nf3 Bf5 11.O-O Na5 12.Bc2 Bxc2 13.Qxc2 Qd7 14.Nbd2 f5 15.Ne1 e6
16.Ndf3 Bf8 17.Nd3 Be7 18.a4 O-O 19.b3 Rfd8 20.Qa2 Qe8 21.Ba3 Bxa3 22.Qxa3
Nd7 23.Nd2 Qf8 24.b4 Nc6 25.a5 a6 26.Nb3 Kf7 27.Nbc5 Nxc5 28.Nxc5 Ra7 29.
Qa4 Qe8 30.b5 axb5 31.Qxb5 Nxa5 32.Rxa5 Rxa5 33.Qxa5 b6 34.Qa7 bxc5 35.
Qxc7+ Qe7 1/2-1/2